| 000 | 00583nam a2200181Ia 4500 | ||
|---|---|---|---|
| 999 |
_c835 _d835 |
||
| 003 | OSt | ||
| 005 | 20201230102216.0 | ||
| 008 | 190216s9999||||xx |||||||||||||| ||und|| | ||
| 020 | _a8172314086 | ||
| 040 | _coclc | ||
| 082 |
_a492.783421 _bHAT/L |
||
| 100 |
_aHathurani, Muhammad Rafeeque Ibn Maulana Ahmed _96350 |
||
| 245 | 0 |
_aLearn To Speak Modern Arabic / _cMuhammad Rafeeque Ibn Maulana Ahmed Hathurani |
|
| 260 |
_bIslamic Book Service, _c2010. _aCalicut: |
||
| 300 | _a200p | ||
| 650 | _aArabic | ||
| 942 |
_cBK _2ddc _h492.783421 _iHAT/L _k492.783421 _mHAT/L |
||